| 000 | 01251nam a2200445 a 4500 | ||
|---|---|---|---|
| 003 | AR-BaBNM | ||
| 005 | 20251128205246.0 | ||
| 008 | 082120s2002 ||||||||||||||000 | spa|| | ||
| 040 | _cAR-BaBNM | ||
| 100 | 1 | _aMcNall Burns, Edward | |
| 245 | 0 | 0 |
_aCivilizaciones de occidente _bsu historia y su cultura |
| 250 | _a8ª ed. | ||
| 260 |
_aBuenos Aires _bPeuser _c[ca. 1968] |
||
| 300 |
_a956 p. _bláms., il., mapas |
||
| 500 | _aContiene índice alfabético p. 923-948 | ||
| 500 | _aListado con los gobernantes de los principales estados europeos p. 919-922 | ||
| 650 | 4 | _aARTE | |
| 650 | 4 | _aHISTORIA MEDIEVAL | |
| 650 | 4 | _aHISTORIA MODERNA | |
| 650 | 4 | _aHISTORIA NORTEAMERICANA | |
| 650 | 4 | _aCULTURAS NORTEAMERICANAS | |
| 650 | 4 | _aHISTORIA BIZANTINA | |
| 650 | 4 | _aECONOMIA | |
| 650 | 4 | _aSOCIEDAD | |
| 650 | 4 | _aGUERRA | |
| 650 | 4 | _aREVOLUCION | |
| 650 | 4 | _aINDUSTRIALIZACION | |
| 650 | 4 | _aLITERATURA | |
| 650 | 4 | _aFILOSOFIA | |
| 650 | 4 | _aDEMOCRACIA | |
| 650 | 4 | _aCIENCIAS POLITICAS | |
| 650 | 4 | _aPROBLEMAS SOCIALES | |
| 650 | 4 | _aMOVIMIENTOS REVOLUCIONARIOS | |
| 650 | 4 | _aREFORMA RELIGIOSA | |
| 651 | 4 | _aItalia | |
| 651 | 4 | _aGrecia | |
| 700 | 1 |
_aEchavarri, Luis _etraductor |
|
| 942 | _cBK | ||
| 998 | _cmariana | ||
| 999 |
_c10628 _d10628 |
||